National Assembly Library of Thailand

ชิม กิน เที่ยว อุบล ยลงานเทียน (ระเบียนเลขที่ 64729)

รายละเอียดในรูปแบบ MARC
000 -LEADER
fixed length control field 01020nam a22002177a 4500
005 - DATE AND TIME OF LATEST TRANSACTION
control field 20260220120333.0
008 - FIXED-LENGTH DATA ELEMENTS--GENERAL INFORMATION
fixed length control field s2554 th ||||| |||| 00| 0 tha d
020 ## - INTERNATIONAL STANDARD BOOK NUMBER
International Standard Book Number 9789743505522
040 ## - CATALOGING SOURCE
Original cataloging agency NALT
050 ## - LIBRARY OF CONGRESS CALL NUMBER
Classification number DS589.U2 ว321ช 2554
100 0# - MAIN ENTRY--PERSONAL NAME
Personal name แสงเดือน จันทร์ศิริศรี
245 10 - TITLE STATEMENT
Title ชิม กิน เที่ยว อุบล ยลงานเทียน
260 3# - PUBLICATION, DISTRIBUTION, ETC.
Place of publication, distribution, etc. กรุงเทพฯ :
Name of publisher, distributor, etc. สปริง แพลนเนต,
Date of publication, distribution, etc. 2554
300 ## - PHYSICAL DESCRIPTION
Extent 250 หน้า :
Other physical details ภาพประกอบ ;
Dimensions 21 ซม.
650 04 - SUBJECT ADDED ENTRY--TOPICAL TERM
Topical term or geographic name entry element อุบลราชธานี -- ความเป็นอยู่และประเพณี
650 04 - SUBJECT ADDED ENTRY--TOPICAL TERM
Topical term or geographic name entry element อุบลราชธานี -- ภูมิประเทศและการท่องเที่ยว
850 ## - HOLDING INSTITUTION
Holding institution NALT
856 40 - ELECTRONIC LOCATION AND ACCESS
Uniform Resource Identifier <a href="https://hdl.handle.net/20.500.14156/411758">https://hdl.handle.net/20.500.14156/411758</a>
-- 1
942 ## - ADDED ENTRY ELEMENTS (KOHA)
Koha item type General Book
Koha issues (borrowed), all copies 2
Source of classification or shelving scheme Library of Congress Classification
998 ## - LOCAL CONTROL INFORMATION (RLIN)
-- 8
-- นายบัณฑิต อุทาวงค์
รายการที่มีในห้องสมุด
Withdrawn status Lost status Damaged status Not for loan Collection code Home library Current library Source of acquisition Cost, normal purchase price Total Checkouts Full call number Barcode Date last seen Date last checked out Copy number Cost, replacement price Price effective from Koha item type
        General Book collection National Assembly Library of Thailand National Assembly Library of Thailand จัดซื้อทรัพยากร 350.00 1 DS 589.U2 ว321ช 2554 3961186993 05/09/2017 30/08/2017 ฉ. 2 400.00 09/06/2017 General Book
        General Book collection National Assembly Library of Thailand National Assembly Library of Thailand จัดซื้อทรัพยากร 350.00 1 DS 589.U2 ว321ช 2554 3961186992 25/02/2026 20/02/2026 ฉ. 1 400.00 09/06/2017 General Book
หอสมุดรัฐสภา
สำนักงานเลขาธิการสภาผู้แทนราษฎร เลขที่ 1111 ถนนสามเสน แขวงถนนนครไชยศรี เขตดุสิต กรุงเทพฯ 10300
The Secretariat of the House of Representatives 1111 Samsen Road, Thanon Nakhon Chai Si, Dusit, Bangkok 10300, THAILAND
โทรศัพท์: +66(0) 2242 5900 ต่อ 5714-5 โทรสาร: +66(0) 2242 5990 อีเมล: [email protected]